Jeux de mots - Mots en sandwich - 4 - Statistiques

Statistiques générales
  • Ce quiz a été pris 154 fois
  • Le résultat moyen est 7 sur 13
Statistiques - réponses
Hint Réponse Hint % Correct
D'ahuri Tête À claques
95%
Presque île Flottante
93%
Pilaf Riz Cantonais
91%
Marcelin Saint Tropez
88%
Bave aux Lèvres Rouge à
75%
De lunettes Paire De chaussettes
75%
En bière Mise À jour
55%
Manqué Acte Sous seing privé
35%
Faire un Carton D'emballage
35%
Sud Pôle Nord
32%
Sans tain Glace Au chocolat
25%
Être dans la Sauce Nantua
23%
Ballet Opéra Bouffe
15%
Aucun quiz correspondant
Distribution des résultats
% des personnes avec chaque résultat
Percentile par nombre de réponses
Votre historique - résultats
Vous n’avez pas pris ce quiz